Diseño plástico de marcos de acero
Bewaard in:
| Hoofdauteur: | |
|---|---|
| Formaat: | Boek |
| Taal: | Spaans |
| Gepubliceerd in: |
Ciudad de México
Continental
1962
|
| Onderwerpen: | |
| Tags: |
Voeg label toe
Geen labels, Wees de eerste die dit record labelt!
|
MARC
| LEADER | 00000nam a2200000 a 4500 | ||
|---|---|---|---|
| 001 | UCU6262 | ||
| 003 | CL-VaPUC | ||
| 008 | 960614e19620000MX |||||||||||||||||spa|d | ||
| 082 | 0 | 4 | |a 624.182 |b BEE |2 21 |
| 100 | 0 | |a Beedel, Lynn S |e author |9 364458 | |
| 245 | 1 | 0 | |a Diseño plástico de marcos de acero |
| 300 | |a 452 p | ||
| 942 | |c BK | ||
| 945 | |d 19960614 00:00:00 |a paguirre | ||
| 260 | |a Ciudad de México |b Continental |c 1962 | ||
| 650 | 0 | |a Estructuras |9 271908 | |
| 650 | 0 | |a Elementos estructurales |9 350100 | |
| 650 | 0 | |a Aceros |9 260685 | |
| 650 | 7 | |a PLASTICOS ESTRUCTURALES |2 CL-VaPUC |9 360918 | |
| 650 | 0 | |a Materiales de construcción |9 260197 | |
| 583 | |a last modification |c 19960614 00:00:00 |k Rodrigo Vera | ||
| 999 | |c 249271 |d 249269 | ||
| 952 | |0 0 |1 0 |4 0 |6 624_182000000000000_BEE_1962 |7 0 |8 A |9 266442 |a BIBING |b BIBING |d 2019-11-19 |i 1685953 |o 624.182 BEE 1962 |p 1685953 |r 2025-01-20 |w 2019-11-19 |y BK |k CCL | ||